Breaking Bad Trivia #W - Statistics

General Stats
  • This quiz has been taken 89 times
  • The average score is 8 of 15
Answer Stats
Hint Answer % Correct
W.W Walter White
100%
Walt lies to Skyler about buying __ from Jesse Weed
91%
Badger wants to make sure this cop isnt wearing a __,but still gets arrested Wire
84%
Name of a hooker Wendy
83%
Hector is bound to a __ Wheelchair
83%
W.W Walt Whitman
77%
W.W Willy Wonka
66%
W.W Woodrow Wilson
52%
Walt and Donald bond over __on mars + their daughters Water
50%
Walt lies to Gretchen and Elliott about havinghired the two best hitmen __. West of the Mississippi
42%
Todds uncle Jacks surname Jack Welker
41%
Declan is compared to this muscular carnivore Wolverine
20%
Name of a plane crashing Wayfarer 515
17%
Jack is a __ White supremacist
17%
Bogdans surname Wolynetz
16%
No matching quizzes found
Score Distribution
Percent of People with Each Score
Percentile by Number Answered
Your Score History
You have not taken this quiz